| 000 | 01128naa a2200181 i 4500 | ||
|---|---|---|---|
| 001 | 9889 | ||
| 003 | KOSZ 005 | ||
| 005 | 20180502095019.0 | ||
| 008 | 180411s1982 pl f |000 0 pol | ||
| 040 |
_cKOSZ 005/HR _aKOSZ 005/HR |
||
| 100 | 1 |
_aKAPSA, Maciej. _d1976 - 1991. _bWyższa Szkoła Inżynierska w Koszalinie - Wydział Inżynierii Lądowej i Sanitarnej, _cZakład Budownictwa i Materiałów Budowlanych |
|
| 245 | 0 |
_aStruktura przestrzenna i funkcjonalna obiektów / _cMaciej Kapsa, Henryk Wierowski. |
|
| 500 | _aDane z autopsji. | ||
| 520 | _aPodano tutaj koncepcję otwartego systemu obiektów przechowalniczych, opracowano ją wykorzystując tzw. projektowanie systemowe. Istotą tego projektowania jest jego interdyscyplinarność, kompleksowość oraz dążenie do uniwersalizacji rozwiązań. | ||
| 700 |
_aWIEROWSKI, Henryk. _d1968 - 1991. _bWyższa Szkoła Inżynierska w Koszalinie - Wydział Inżynierii Lądowej i Sanitarnej, _cZakład Budownictwa i Materiałów Budowlanych |
||
| 773 | 0 |
_tOtwarty system przechowalnictwa ziemniaków. - _dBonin : Instytut Ziemniaka, 1982. - _gs. 16-33 |
|
| 942 |
_cROZ _2UKD |
||
| 999 |
_c9889 _d9889 |
||